00693nam a2200241 a 4500001001300000003000900013005001700022008004100039020001000080082001300090100002700103245004000130260002500170300000900195500003500204505001700239650002400256700002700280902000800307942000700315952011400322999001500436nice12345678IN_TiNIC20260116012317.0050524s1979 dela grp 000 0 eng  ac10000a201bJAC aJacob, Plamthodathil S aExperiental Response of N. V.Tilak. aDelhi bISPCK c1979 a127p aincludes index and biblioraphy2 aBibliography aChristian-Biography1 aJacob, Plamthodathil S bSRS cBK 001040708StackRoom-aHMIbHMId2008-04-24g100.00l0o201 JACp011603r2008-04-24v100.00w2005-05-24yBK c6496d6496